| 000 | 00000nam##2200000za#4500 |
| 001 | 9.575588 |
| 003 | CaOODSP |
| 005 | 20210624184733 |
| 007 | cr ||||||||||| |
| 008 | 150406|2008||||xxc|||||o f|0| 0 eng|d |
| 040 | |aCaOODSP|beng |
| 043 | |an-cn--- |
| 086 | 1 |aTU3-5/08-20E-PDF |
| 110 | 2 |aTransportation Safety Board of Canada. |
| 245 | 10|aLimited power - Hard landing - Prism Helicopters Limited Eurocopter AS 350-B3 (Helicopter) N530NA Pitt Meadows, British Columbia, 2 nm W, 10 January 2008 |h[electronic resource] |
| 260 | |aGatineau - Quebec : |bTransportation Safety Board of Canada |c[2008]. |
| 300 | |a21p.|bcoloured illus. |
| 490 | 1 |aAviation investigation report |vA08P0011 |
| 590 | |a13-03-Supp|b2013-02-11 |
| 775 | 08|tRapport d'enquête aéronautique - Puissance limitée et atterrissage brutal de l'hélicoptère Eurocopter AS 350-B3 N530NA exploité par Prism Helicopters Limited à 2 nm à l'ouest de Pitt Meadows (Colombie-Britannique), le 10 janvier 2008 |w(CaOODSP)9.605086 |
| 830 | #0|aAviation investigation report ;|vA08P0011|w(CaOODSP)9.504825 |
| 856 | 40|ahttp://publications.gc.ca|qPDF|s1602 KB|uhttps://publications.gc.ca/collections/collection_2013/bst-tsb/TU3-5-08-20-eng.pdf|yA08P0011 |